000 00531nam a22001937a 4500
999 _c9865
_d9865
003 GBCCL
005 20241126110720.0
008 230807b ||||| |||| 00| 0 eng d
020 _a9781884543043,
020 _a1884543049
040 _cgbc
082 _a220.77
_bHEN
245 _aMatthew Henry's commentary on the whole Bible /
_cMatthew Henry
260 _aWaybesboro, GA,
_bAuthentic Media,
_c©1995
300 _a1024 pages ;
_c24 cm
650 _aBible
_95
650 _aBible
_vCommentaires
_917163
942 _2ddc
_cREF